[Event "EU-ch 12th"]
[Site "Aix les Bains"]
[Date "2011.03.30"]
[Round "8"]
[White "Korobov, Anton"]
[Black "Zhigalko, Sergei"]
[Result "1/2-1/2"]
[WhiteElo "2647"]
[BlackElo "2680"]
[Annotator "Marchand,A/Primel,D"]
[PlyCount "240"]
[EventDate "2011.03.22"]
[EventType "swiss"]
[EventRounds "11"]
[EventCountry "FRA"]
[SourceTitle "CBM 142 Extra"]
[Source "ChessBase"]
[SourceDate "2011.06.27"]
[SourceVersion "1"]
[SourceVersionDate "2011.06.27"]
[SourceQuality "1"]

1. d4 Nf6 2. c4 e6 3. Nf3 b6 4. a3 Ba6 (4... Ne4 {Une ligne secondaire} 5. g3
Bb7 6. Bg2 g6 $1 7. O-O Bg7 8. Qc2 O-O 9. Rd1 f5 10. Bf4 Qc8 11. d5 d6 12. dxe6
Nc6 $44 {Dreev,A (2677)-Kurajica,B (2555) Sarajevo Bosnia 32nd 2002 (9) 1/2}) (
4... c5 5. d5) 5. Qc2 (5. Qa4 $143 c5 6. Bf4 {[%cal Gf4b8]} (6. dxc5 bxc5 $11 {
[%csl Gd4]} 7. Nc3 Bb7 8. Bg5 Be7 9. e3 O-O 10. Be2 d6 11. O-O Nbd7 12. Rfd1
Qb6 $11) (6. Nc3 cxd4 7. Nxd4 Bc5 8. Nb3 Be7 (8... O-O 9. Nxc5 bxc5 $32 {
[%csl Ra4,Gd4][%cal Gd8b6]} 10. Bg5 h6) 9. Bf4 Bb7) 6... Bb7 7. Nc3 Be7 $1 (
7... a6 $143 {Trop lent et 8.Nb5 n'est pas trop dangereux pour les Noirs} 8.
Rd1 $32 (8. d5 $5)) 8. Rd1 {[%cal Gd4d5]} (8. d5 exd5 9. cxd5 Nxd5 10. Nxd5 (
10. Qe4 Nxf4 $1 11. Qxb7 Nc6) 10... Bxd5 11. e4 Bc6 12. Qc2 O-O {Par rapport а
la variante Qc2 jouée dans la partie, les Blancs ont moins de compensations}) (
8. Nb5 $6 {La menace qui devait être parée par 7. a6 au lieu de Be7 est
souvent surestimée par les Noirs car en fait, les Blancs n'ont pas d'attaque}
O-O $1 9. Nc7 (9. Bc7 Qc8 10. Bd6 Nc6 $32) 9... Nh5 $8 {[%csl Rf4]} 10. Nxa8
Nxf4 11. Qxa7 Bxf3 $17 {[%csl Ra7,Ra8,Re1][%cal Gb8c6,Gd8a8]}) 8... cxd4 9.
Nxd4 O-O (9... Nh5) 10. Ndb5 Nc6) 5... Bb7 6. Nc3 c5 7. e4 (7. d5 $143 {
Beaucoup moins dangereux que sur la variante g3}) 7... cxd4 8. Nxd4 d6 {
Cette ligne avait moins bonne réputation théorique que les alternatives Nc6 et
Bc5 mais elle est probablement sous-estimée. elle peut notamment retomber sur
une variante Maroczy de la Kan mais avec une Qc2 pas trés bien placée} (8...
Bc5) (8... Nc6) 9. Be2 (9. Be3) 9... Nbd7 ({RR} 9... Be7 10. f4 O-O 11. Be3 a6
12. O-O Nc6 13. Nxc6 Bxc6 14. f5 exf5 15. exf5 d5 16. Rfd1 Qc8 17. cxd5 Bxd5
18. Rac1 Bb7 19. Na4 Qxc2 20. Rxc2 Be4 {1/2-1/2 Lputian,S (2615)-Yudasin,L 
(2600)/Pula 1997/CBM 057 ext}) 10. O-O (10. Be3 Be7 11. O-O (11. O-O-O $5) (11.
f4 a6 12. O-O-O $5 O-O 13. g4 $36 d5 $6 {Vyzmanavin,A (2480)-Razuvaev,Y (2535)
URS-ch FL54 Irkutsk 1986 1-0} (13... Nc5 $142 {[%csl Re4]} 14. Bf3 Rc8 15. Kb1
b5 {Shipov})) 11... O-O 12. Rad1 a6 13. f4 ({RR} 13. b4 Qc7 14. f4 Rac8 15. Rc1
Rfe8 16. Qb1 Bf8 17. Nb3 Qb8 18. Bd3 g6 19. Rfe1 Ng4 20. Bd4 e5 21. fxe5 dxe5
22. Be3 Nxe3 23. Rxe3 Bh6 24. Rh3 Bxc1 25. Qxc1 Nf8 26. Nd5 Bxd5 27. exd5 e4 {
Kozak,M (2189)-Zhigalko,S (2490)/Warsaw 2005/CBM 110 ext/0-1 (39)}) 13... Qc7
14. g4 Rfd8 15. g5 Ne8 16. f5 exf5 17. Nxf5 Bf8 18. Qd2 Nc5 19. Bf3 Nb3 20. Qf2
Qxc4 21. Be2 Qe6 22. Bg4 Qc4 23. Bxb6 Nc5 24. Rd4 {1-0 Volodin,A (2433)
-Erturan,Y (2366)/Plovdiv 2010/CBM 139}) 10... Rc8 $5 {[%cal Gc8c2] C'est
probablement une simple interversion avec le développement habituel du
hérisson Be7 et oo mais les Noirs profitent de la position pas trés heureuse
de la Qc2} 11. Rd1 a6 {Retombe comme prévu sur une défense Kan} 12. Be3 Be7 13.
f4 $1 $146 {79 Avec une Q blanche en c2 au lieu de d2 ou f2 comme dans les Kan
habituelles, les Blancs ne sont pas obligés de renforcer e4 par la poussée f3}
(13. Rac1 {Svetushkin,D (2546)-Jenni,F (2517) WUCC op 8th Istanbul 2004 (9) 0-1
}) 13... O-O {47} 14. Rac1 Qc7 {[%cal Gc7b8,Gf8e8] Terminant le développement
classique du hérisson} 15. f5 $1 e5 16. Nb3 h6 (16... Qb8 {[%cal Gc8c2]}) 17.
Qb1 Bc6 {[%cal Gc7b7,Gb6b5]} (17... Qb8) 18. Nd2 (18. Nd5 $5 {[%cal Gc1c7]})
18... Qb7 19. b4 b5 {La poussée thématique dans une structure hérisson mais
les Blancs vont trouver une bonne réponse tactique} 20. a4 $1 Qa8 (20... bxa4
$2 21. b5 $40 axb5 22. cxb5 {[%csl Rc6]}) 21. axb5 axb5 22. cxb5 Bb7 23. Qb3 d5
$13 24. Ra1 Rxc3 $1 {[%cal Gd5d4]} 25. Qxc3 (25. Rxa8 $143 Rxb3 26. Rxf8+ Kxf8)
25... d4 26. Rxa8 (26. Qb2 $2 Qb8) 26... dxc3 27. Ra7 $40 Rb8 28. Nc4 Bxb4 29.
Rb1 Bf8 30. Bf3 Nc5 31. Nxe5 Nfxe4 (31... Re8) 32. Rb4 $6 {les Blancs
n'avaient plus qu'une minute pour passer le controle de temps} (32. Rd1 c2 33.
Rc1) 32... Bd5 (32... Re8 $1 33. Bd4 Bd5 34. b6 Bd6 $132) 33. Rd4 Rxb5 34. Rxd5
Rb1+ 35. Rd1 c2 36. Rf1 $2 {Les deux joueurs devaient être en gros zeitnot car
il y a eu une suite de gaffes avant le contrôle de temps} (36. Rc1 $8 {[%cal
Gc5b3]} Nb3 37. Bxe4 Rxc1+ 38. Bxc1 Nxc1 39. Kf1 $18) 36... Nb3 {[%cal Gc2c1]}
37. Bxe4 Bc5 $1 {[%csl Re3,Rg1][%cal Gc5g1,Gc5a7]} 38. Ra8+ Kh7 39. f6+ (39.
Rxb1 Bxe3+ 40. Kf1 cxb1=Q+ 41. Bxb1) 39... g6 40. g3 $4 (40. Rxb1 Bxe3+ 41. Kh1
cxb1=Q+ 42. Bxb1) 40... Bxe3+ 41. Kg2 Rxf1 42. Bxc2 Rf2+ 43. Kh3 Rxc2 44. Nxf7
g5 {[%cal Gh7g6]} 45. Ne5 {[%csl Rh7]} h5 (45... Bd4) 46. f7 {(=)} g4+ 47. Nxg4
hxg4+ 48. Kxg4 Bh6 49. f8=Q Bxf8 50. Rxf8 Rxh2 {Début d'une finale complexe}
51. Rf7+ Kg8 $6 (51... Kg6 $142 {Plus actif} 52. Rb7 Nd4 53. Rb6+ Kf7 54. Rd6
Ne6) 52. Ra7 Nc5 53. Kg5 Ne6+ 54. Kf5 Nf8 55. g4 $11 Rf2+ {Les Noirs refusent
mais c'est difficile а gagner} 56. Kg5 {20} Rd2 57. Kf5 Rd5+ 58. Ke4 Rb5 59.
Kf4 Ne6+ 60. Kg3 Ng5 61. Kf4 Rc5 62. Rb7 Ra5 63. Rd7 Ne6+ (63... Kf8) 64. Kg3
Ng5 65. Kf4 Nf7 66. Rb7 Ra4+ 67. Kg3 Kg7 68. Rb5 Nd6 69. Rb6 Ne4+ 70. Kf3 Nf6
71. g5 {Les Noirs ont réussi а couper le K blanc de la protection du P} Nh7 72.
Ke3 Nxg5 73. Kd3 Kf7 74. Kc3 Ne6 {La finale est nulle même si dans certains
cas particuliers trés rares, il peut y avoir un gain si le K Blanc est
repoussé sur la 01ère rangée comme l'avait montré une étude de Centurini} 75.
Rb4 Ra5 76. Rb6 Kf6 77. Kb4 $1 {Gagne un tempo sur la R pour rester au centre
de l'échiquier} Rh5 78. Rb5 Rh4+ 79. Kc3 Nf4 80. Kc4 $1 {La découverte n'est
pas а craindre} Ke6 81. Rb1 Nd5+ 82. Kc5 Ne3 83. Rb4 Rh5+ 84. Kc6 Re5 85. Rb5
Nd5 86. Rc5 Rh5 87. Rc1 Nb4+ 88. Kb6 Kd6 89. Rd1+ Nd5+ 90. Kb5 Rh4 91. Rc1 Rb4+
92. Ka5 {Le K est repoussé а la bande mais tant qu'il n'est pas sur la case a7
ou a2, il ne craint rien.} Rb8 93. Ka4 Ke5 94. Rh1 Nc3+ 95. Ka3 Kd4 96. Rh4+
Kd3 97. Rh3+ Kc4 98. Rh4+ Kd5 99. Rd4+ $3 {La R folle!} Ke5 100. Rh4 Ne2 101.
Rb4 Rc8 102. Rh4 Kd5 103. Kb4 Rb8+ 104. Ka5 Nc3 105. Rh5+ Kc6 106. Rh6+ Kc5
107. Rh5+ Nd5 108. Ka4 Rb7 109. Ka3 Kc4 110. Rh4+ Kd3 111. Rh3+ Ne3 112. Ka4
Rb1 {Les Noirs continuent d'y croire} 113. Ka5 Kd4 114. Rh4+ Kc5 115. Rh5+ Nd5
116. Ka4 Rb4+ 117. Ka3 Rg4 118. Rh8 Rg3+ 119. Kb2 Nb6 120. Kc2 Nd5 {[%mdl 4096]
} 1/2-1/2

[Event "EU-ch 12th"]
[Site "Aix les Bains"]
[Date "2011.03.22"]
[Round "1"]
[White "Maevsky, Nikolay"]
[Black "Gharamian, Tigran"]
[Result "0-1"]
[WhiteElo "2342"]
[BlackElo "2650"]
[Annotator "Marchand,A/Primel,D"]
[PlyCount "62"]
[EventDate "2011.03.22"]
[EventType "swiss"]
[EventRounds "11"]
[EventCountry "FRA"]
[SourceTitle "CBM 142 Extra"]
[Source "ChessBase"]
[SourceDate "2011.06.27"]
[SourceVersion "1"]
[SourceVersionDate "2011.06.27"]
[SourceQuality "1"]
[TimeControl "40/5400+30:1800+30"]

1. c4 e6 2. Nc3 (2. Nf3 Nf6 3. d4 b6 4. a3 Ba6 5. Qc2 {[%cal Ge2e4]} Bb7 6. Nc3
c5 7. e4 cxd4 8. Nxd4 d6 9. Be2 {[%csl Gc2] Dans cette ligne de
l'Ouest-Indienne qui est proche de la Kan, les Blancs ont un tempo de plus par
rapport а la partie car ils ont économisé l'échec Qa4 qui n'est pas trés utile.
}) 2... c5 3. Nf3 b6 4. d4 cxd4 5. Nxd4 a6 (5... Nf6) (5... Bb7) 6. e4 Bb7 7.
Be3 d6 8. Be2 Nf6 9. f3 Be7 (9... Qc7 10. O-O Nbd7 11. Qd2 Rc8 12. Rfc1 $5 {
Dans une partie récente face а un adversaire agressif qui ne voulait pas
roquer, j'ai joué ce plan peu connu laissant la Ra1 en soutien de la poussée
a4a5} Be7 13. a4 $1 {Le plan habituel des Blancs est plutôt Rfd1 et Rac1 mais
а part un avantage d'espace, les Blancs n'obtiennent pas grand chose} h6 $6
$146 {[%cal Gg7g5,Gg5g4] Un plan douteux mais intéressant où les Noirs
essayent d'améliorer le plan de Fischer d'attaque а l'aile-roi par g7g5 et Rg8
en ayant économisé le roque et le K Noir est mieux placé au centre qu'en "h8"}
(13... O-O 14. a5 $36 {Kacheishvili,G (2606)-Kritz,L (2589) USA tt ICC INT
rapid 2009 (6) 1-0}) 14. a5 bxa5 15. Nb3 g5 {[%cal Gg5g4,Gg4f3,Gh8g8]} 16. Nxa5
Ba8 17. h3 Nh5 $6 {[%cal Gh5f4,Gh5g3]} (17... Rg8) 18. Nd5 $1 $44 {[%cal Gc1c7]
;Primel,D-Gautier,M Angers 2012 1-0}) 10. Qa4+ {Intéressant mais probablement
trop lent} (10. O-O $142 {Aurait transposé dans une sicilienne Kan}) 10... Nfd7
{73} (10... Qd7) (10... Nbd7 $5 {Le plan des Blancs est trés lent et c'est
peut-être la meilleure option surtout d'un point de vue psychologique lorsque
les Blancs vont s'apercevoir qu'ils n'ont rien obtenu de l'ouverture.} 11. Nc6
{[%cal Gc6e7,Gc6d8] L'idée de l'échec intermédaire Qa4 mais même après le gain
de la paire de B, les Blancs n'ont pas grand-chose} Bxc6 12. Qxc6 O-O $32 13.
O-O (13. Qa4 b5 $1 {[%csl Re1]} (13... d5 $1 {Dans la "bible" sur la structure
hérissson "the complete hedgehog" le GMI SHIPOV donne cette forte variante
pour les Noirs} 14. exd5 exd5 15. cxd5 b5 16. Qb3 Re8 $40 {[%csl Re1,Re2,Re3,
Rf3][%cal Ge8e1]}) 14. cxb5 axb5 15. Qxb5 Rb8 $36 {[%cal Gb8b2]}) 13... Nc5 $1
{[%csl Ga4,Rc6][%cal Ga8c8] La menace de gain de la Q force les Noirs а rendre
la paire de B et les Noirs ont au minimum l'égalité.}) 11. O-O O-O 12. Rfd1 Qc7
13. Qc2 (13. Rac1 Nf6 {Fishbein,A (2465)-Kudrin,S (2510) New York op 1991 (3)
1/2}) 13... Nf6 14. Rac1 (14. a4 $5 {[%cal Ga4a5]} Nbd7 15. a5 $14 {Adamski,J 
(2400)-Cvitan,O (2500) Berliner Sommer 06th 1988 (6) 1/2}) 14... Nbd7 15. Bf1 (
15. Qd2 {Transpose dans les grandes lignes}) 15... Rac8 16. Qf2 {[%csl Rb6]
[%cal Ge3b6]} (16. b4 Rfe8 17. a3 Qb8 18. Qd2 (18. Qf2)) 16... Qb8 17. b4 {
[%cal Gc4c5,Gd4b3]} (17. a3 Bd8 {[%cal Gd8c7,Gc7h2,Gf8e8];Svetushkin,D (2546)
-Jenni,F (2517) WUCC op 8th Istanbul 2004 (9) 0-1}) 17... Rfe8 {[%cal Ge7d8,
Ge8e3]} 18. a3 {Anticipe la poussée d5 en protégeant le P "b4" mais c'est au
détriment de l'affaiblissement "c4"} (18. Nb3 d5 $1 {[%cal Ge7b4]}) 18... Bd8 {
[%cal Gd8c7,Gc7h2,Gd6d5,Ge8e3] La manoeuvre classique dans cette structure
pour réactiver le B} 19. Kh1 (19. Nb3 {[%cal Ge3b6] Peut-être un peu meilleur
pour empêcher les Noirs de jouer Ne5 en faisant pression sur la faiblesse "b6}
Bc7 {[%cal Gd6d5]} 20. g3 (20. Kh1 d5 $1)) 19... Ne5 $5 $146 {[%csl Rc4]} (
19... Bc7 {Bucher,M (2244)-Jenni,F (2505) SUI-ch int Saas Almagell 2005 (8) 0-1
}) 20. Na4 {[%csl Rb6]} (20. Qa2 {[%cal Ga2c4]} Qc7 21. Na4 {[%csl Rb6][%cal
Ga4b6,Ge3b6]}) (20. Nb3 Nxc4 21. Bxc4 Rxc4 22. Bxb6 d5 $1 $36) 20... d5 $1 {
Le ressort se détend et les Noirs prennent l'initiative} 21. exd5 exd5 22. Nf5
Neg4 $1 23. fxg4 Nxg4 24. Qg1 Qe5 $40 {[%cal Ge5f5,Ge5e3,Gg4e3]} 25. Bd4 (25.
Nh6+ gxh6 26. Bd4 {[%csl Gd4]}) 25... Qxf5 26. Bd3 Qh5 {[%csl Rh2]} 27. c5 b5
28. Nc3 Bg5 $1 29. Ra1 $2 (29. Bf5 Bxc1 30. Bxc8) 29... Be3 30. Bxe3 Rxe3 31.
Ne2 Rh3 0-1

[Event "Goodricke op 08th"]
[Site "Kolkata"]
[Date "1997.??.??"]
[Round "2"]
[White "Ravi, Lanka"]
[Black "Marin, Mihail"]
[Result "0-1"]
[WhiteElo "2390"]
[BlackElo "2545"]
[Annotator "Marin,M"]
[PlyCount "100"]
[EventDate "1997.02.??"]
[EventType "swiss"]
[EventRounds "11"]
[EventCountry "IND"]
[SourceTitle "CBM 059"]
[Source "ChessBase"]
[SourceDate "1997.08.01"]
[SourceVersion "1"]
[SourceVersionDate "1997.08.01"]
[SourceQuality "1"]

1. d4 Nf6 2. c4 e6 3. Nf3 b6 4. Nc3 Bb7 5. Bg5 h6 6. Bh4 g5 7. Bg3 Nh5 8. e3
Nxg3 9. hxg3 Bg7 10. Bd3 Nc6 11. a3 (11. g4) 11... g4 12. Ng1 f5 13. Nge2 h5
14. Nf4 h4 (14... Qg5 15. Qa4 $14) 15. Qa4 (15. Ng6 hxg3 $3 (15... Rh6 $6 16.
Nxh4 Bf6 17. Qa4 Bxh4 18. gxh4 Rxh4 19. O-O-O $14) 16. Nxh8 gxf2+ 17. Kxf2 Qf6
$44) 15... h3 16. O-O-O (16. gxh3 Nxd4 17. exd4 Bxh1 18. Nxe6 Qe7) 16... hxg2
17. Rhg1 Rh2 {[#]} 18. d5 (18. Kb1 Kf7 $15) 18... Bxc3 19. bxc3 (19. Nxe6 Qf6
20. Nxc7+ (20. bxc3 Qxc3+ 21. Bc2 dxe6 22. dxc6 Ba6 $5 (22... Bc8 $15) 23. Qxa6
Qa1+ $15) 20... Kd8 21. Nxa8 Bxb2+ 22. Kb1 Na5 $17) 19... Qf6 20. dxc6 (20. Kb2
e5 $1 21. Ne6 (21. Nxg2 e4 22. Be2 Ne5 $15) 21... dxe6 22. dxc6 Bc8 $15) 20...
Qxc3+ 21. Bc2 Bxc6 22. Qb4 Qxb4 23. axb4 a5 (23... Bf3 $142 $1 $17) 24. e4 $8 (
24. b5 Bf3 25. Rde1 Kf7 26. e4 e5 27. Ne2 Rah8) 24... axb4 25. Kb2 $8 fxe4 26.
Rxg2 Rh6 27. Rgg1 e3 $2 (27... Ra3 $17) 28. fxe3 Rh2 29. Ra1 Ra5 30. Kb3 e5 31.
Nd5 Bxd5 32. cxd5 Rxd5 33. Bg6+ Ke7 34. Kxb4 Re2 35. Rae1 Rdd2 36. Rxe2 Rxe2
37. e4 Re3 38. Bf5 c6 39. Rh1 Rxg3 40. Rh7+ Kf6 41. Rxd7 Rg1 42. Rd6+ Kg5 43.
Rxc6 g3 $15 44. Rc2 $6 (44. Rg6+ $142) 44... Rb1+ (44... Kf4 45. Bh3 $1) (44...
Rh1 $5 45. Kb5 Kf4 46. Kxb6 Rh2 47. Rc8 g2 48. Rg8 Kf3 49. Bg4+ Ke3 (49... Kxe4
50. Bc8 Ke3 51. Bb7 e4 52. Kc5 $11) 50. Bc8 Kf2 51. Rf8+ Kg1 52. Kc5 Kh1 53.
Rg8 g1=Q+ 54. Rxg1+ Kxg1 55. Kd5 Rh5 56. Bf5 $11) 45. Kc4 Kf4 46. Kd5 (46. Bh3
b5+ 47. Kd5 b4) 46... Rh1 47. Bc8 (47. Bd7 Rh2 48. Rc8 (48. Rc1 Rd2+ 49. Ke6 (
49. Kc6 g2 50. Bh3 Rc2+) 49... g2 50. Rg1) 48... Rd2+ 49. Ke6) 47... b5 (47...
Rh2 $5 48. Rc7 (48. Rc1 Rd2+ 49. Ke6 g2 50. Rg1 b5 $17) 48... Rd2+ 49. Ke6 $8
b5) 48. Ba6 b4 49. Kc5 $2 (49. Bc4 Rb1 50. Re2 b3 51. Rd2 $15) 49... b3 50. Rb2
Rh2 (50... Rh2 51. Rb1 g2 52. Rg1 b2 53. Bd3 Ke3 54. Bb1 Kf2 $19) 0-1

[Event "ROM-chT"]
[Site "Sovata"]
[Date "1998.??.??"]
[Round "1"]
[White "Gabriel, Christian"]
[Black "Marin, Mihail"]
[Result "1/2-1/2"]
[WhiteElo "2555"]
[BlackElo "2545"]
[Annotator "Marin,M"]
[PlyCount "80"]
[EventDate "1998.??.??"]
[EventType "team"]
[EventRounds "5"]
[EventCountry "ROU"]
[SourceTitle "EXT 1999"]
[Source "ChessBase"]
[SourceDate "1998.11.16"]
[SourceVersion "1"]
[SourceVersionDate "1998.11.16"]
[SourceQuality "1"]

1. d4 Nf6 2. c4 e6 3. Nf3 b6 4. a3 c5 5. d5 Ba6 6. Qc2 exd5 7. cxd5 g6 8. Nc3
Bg7 9. g3 O-O 10. Bg2 d6 11. O-O Re8 12. Re1 Nbd7 13. h3 b5 14. Bf4 (14. e4 $6
Qc8 $1 $146 (14... Rc8 15. Bf4 Qb6 16. Be3 Qb7 17. Bf1 c4 {Cramling Pia-Marin
Mihail, Olympiad, Yerevan 1996} 18. Bg2 $1) 15. Bf4 b4 16. Na4 b3 17. Qxb3 Nxe4
{Gelfand,B-Kasparov,G Novgorod 1997}) 14... Nb6 $5 (14... Qb6 15. e4 Rac8) 15.
e4 Qd7 {><h3} 16. g4 $1 {פf6} (16. Bf1 $6 Nh5 {Shipov,S-Skembris,S Belgrade
1994}) 16... Rac8 17. Bg3 (17. Bf1 $2 Nxg4 $1) (17. Bh2 $5 {Gabriel}) 17... Bb7
{/\b4} (17... Na4 $2 18. e5 $1) 18. Qb3 $1 a6 19. Rad1 (19. e5 $6 Nfxd5 20.
exd6 (20. Nxd5 Bxd5) 20... Nxc3 21. bxc3 Bd5 22. Qc2 Qc6 $17) (19. Nd2 $5 Qc7
20. a4 b4 21. a5) 19... Nc4 20. Bf1 (20. e5 $5 dxe5 21. Nxe5 Nxe5 22. Rxe5 h5
23. g5 Nh7 24. Rxe8+ Rxe8 25. Ne4 (25. h4 Qg4 $132) 25... c4 26. Qc2 (26. Qb4
Rxe4 27. Bxe4 Nxg5 28. Bg2 Nxh3+ 29. Kh2 Ng5 $44 30. a4 $6 h4 $1) 26... Qf5 27.
h4 Bxd5 28. Rxd5 Qxd5 29. Nf6+ Nxf6 30. Bxd5 Nxd5 31. Qd2 c3 $1 32. bxc3 (32.
Qxd5 Re1+ 33. Kg2 cxb2) 32... Nxc3 $13) 20... h5 $1 21. g5 Nh7 (21... Na5 $6
22. Qc2 (22. Qa2 Nh7 23. e5 dxe5 24. Nxe5 Qf5 $1) 22... Nh7 23. h4 $1 (23. e5
dxe5 24. Nxe5 Bxe5 25. Rxe5 Rxe5 26. Bxe5 Nxg5 27. f4 Nf3+ 28. Kh1 Nc4) 23...
b4 24. axb4 cxb4 25. Qa4 Qxa4 26. Nxa4 $16) 22. h4 (22. Bxc4 bxc4 23. Qb6 (23.
Qxc4 Qxh3 $15) 23... Rcd8 (23... Qxh3 $6 24. Qxb7 h4 25. Nxh4 Nxg5 26. e5 (26.
Re3 Bd4) 26... Bxe5 27. Rxe5 $1) (23... h4 24. Bxh4 (24. Bxd6 Qxh3 25. Nh2 Be5
$1 26. Bxe5 Rxe5 27. f4 Nxg5 28. fxe5 Nf3+ 29. Nxf3 Qg3+ $11) 24... Rcd8 (24...
Qxh3 25. Bg3) 25. Bg3 Bc8 $44) 24. h4 (24. Bxd6 Qxh3 25. Bg3 Bc8 $17) 24... Bc8
25. Nd2 (25. e5 Qh3 26. exd6 Bg4 $132) 25... Qh3 26. Nxc4 Nxg5 27. hxg5 h4 28.
Bxd6 $6 (28. Rd3 $142) 28... Qg4+ 29. Kf1 $6 (29. Kh2 $142 Qh3+ 30. Kg1 Qg4+
$11) 29... Bxc3 30. bxc3 Qf3 31. Ne3 Bh3+ 32. Kg1 Rxd6 $1 33. Qxd6 Rxe4 34. Qf6
Rf4 $17) 22... Ne5 23. Nh2 (23. Nxe5 Bxe5 24. Bxe5 (24. Re3 Bd4) 24... Rxe5 $15
) 23... Rcd8 $1 24. f4 $6 Ng4 25. Nxg4 (25. Bh3 Bd4+ 26. Kg2 (26. Kh1 Nf2+ 27.
Bxf2 Qxh3 $15) 26... f5 $15) 25... Qxg4 26. Kh2 Nxg5 (26... Bc8 $1 27. Qc2 (27.
e5 dxe5 28. fxe5 Nxg5 29. hxg5 h4 30. Bf2 Rxe5 $40) 27... Nxg5 28. hxg5 h4 29.
Bf2 (29. Qg2 hxg3+ 30. Qxg3 Bxc3 31. bxc3 Rxe4 $1) 29... Qxf4+ $15) 27. fxg5 (
27. hxg5 h4 $17) 27... Be5 28. Ne2 $8 Qxh4+ 29. Bh3 (29. Kg1 Qxg5 $15) 29...
Qxg5 30. Qf3 Qf6 (30... Bxb2) 31. Qxf6 Bxf6 32. Nc3 Kg7 33. Re2 h4 34. Bf4 g5
35. Bc1 (35. Rg1 Kh6 36. Bd2 Be5+ 37. Kh1 f6 38. Nd1 Bd4 39. Rgg2 Bc8 40. Bxc8
Rxc8 41. Ne3 Bxe3 42. Rxe3 Kg6 43. Bc3 Re7 44. Kh2 Rf8 45. Kh3 $14) 35... Be5+
36. Kg2 f6 37. Kf3 Bc8 38. Bxc8 Rxc8 39. Kg4 Bd4 40. Rf1 Re5 $17 1/2-1/2

[Event "Sofia MTel Masters 2nd"]
[Site "Sofia"]
[Date "2006.05.21"]
[Round "10"]
[White "Ponomariov, Ruslan"]
[Black "Anand, Viswanathan"]
[Result "1/2-1/2"]
[WhiteElo "2738"]
[BlackElo "2803"]
[Annotator "Marin,M"]
[PlyCount "106"]
[EventDate "2006.05.11"]
[EventType "tourn"]
[EventRounds "10"]
[EventCountry "BUL"]
[EventCategory "20"]
[SourceTitle "CBM 113"]
[Source "ChessBase"]
[SourceDate "2006.07.31"]
[SourceVersion "1"]
[SourceVersionDate "2006.07.31"]
[SourceQuality "1"]

1. d4 Nf6 2. c4 e6 3. Nf3 b6 4. Nc3 Bb7 5. a3 d5 6. cxd5 Nxd5 7. Qc2 Nxc3 8.
bxc3 c5 9. e4 Nc6 {This is an ambitious setup, popularized several years ago
by Joel Lautier. Usually in this variation, Black develops his knight to d7.}
10. Be3 ({Here is a recent example from Lautier's practice:} 10. Bb2 Rc8 11.
Rd1 cxd4 12. cxd4 Bd6 {Wojtaszek,R (2591)-Lautier,J (2672)/Gothenburg 2005/CBM
109/[Ftacnik]}) 10... cxd4 {It is important to exchange on d4 right now in
order to win time for the further development of pieces.} (10... Be7 11. d5 $5
$146 {Sokolov,I (2706)-Kramnik,V (2777)/Wijk aan Zee 2004/CBM 099/[Ftacnik]})
11. cxd4 Rc8 12. Qa2 $146 ({Previously, the seemingly more active} 12. Qa4 {
had been played. In fact, the slightly exposed position of the queen offered
Black counterplay after} Be7 13. Ne5 {(otherwise, Black would play at some
moment a6 and b5)} O-O 14. Ba6 b5 15. Bxb5 Nxe5 16. dxe5 Bc5 17. Bxc5 {1/2-1/2
Solozhenkin,E (2514)-Ionov,S (2541)/St Petersburg 2003/CBM 095}) 12... Bd6 13.
Bd3 {By placing the bishop on this (again, not very typical) square, Black
prepares the transfer of the knight to g6.} O-O 14. O-O Ne7 15. Rfc1 Ng6 {
This whole plan looks rather time consoming. Besides, the knight is not too
stable on g6.} ({Black's previous play could have ben justified by} 15... Qd7 {
[%cal Yf7f5] planning to break the enemy centre with ...f5, when the
usefullness of placing the knight on e7 is obvious.}) 16. g3 {[%csl Yf4,Gg6,
Yh4][%cal Gh2h4,Gh4h5]} Qe7 17. a4 Bb4 (17... h6 18. a5 $14) 18. h4 Rfd8 ({
After} 18... f5 19. Bc4 {Black would more or less be forced to sacrifice an
exchange with} Rxc4 20. Qxc4 fxe4 {but after} 21. Ne5 Nxe5 22. dxe5 $14 {
White would remain in control.}) 19. h5 Nf8 20. h6 gxh6 21. Rxc8 {By giving up
the control of the c-file so soon, White allows his opponent obtain certain
counterplay.} (21. Bxh6 $6 Qf6 {[%csl Yf3,Yh6]}) (21. Kg2 $5 {[%cal Yc1c8,
Ya1h1]} Bc3 22. Rab1 f5 23. exf5 Bd5 24. Qe2 exf5 25. Bxf5 Ne6 26. Kh2 $14)
21... Rxc8 22. Rd1 ({Even here,} 22. Kg2 {is possible because} Rc3 23. Qe2 f5 {
would be strongly met by} 24. exf5 exf5 25. Bc4+ $16 {[%cal Yd4d5]}) 22... h5
$132 23. d5 exd5 24. exd5 Ng6 25. Ng5 Rd8 26. Bf5 (26. Be4 $5 {[%csl Gd5]})
26... Qf6 27. Bh3 Bc5 {[%csl Yg5]} 28. Bxc5 Qxg5 29. Be3 Qe5 30. Bg2 h4 $36 {
Suddenly, the previously weak h-pawn becomes a dangerous attacking instrument.}
31. a5 hxg3 32. axb6 axb6 33. Bxb6 Qh5 34. Rd3 Ra8 35. Ra3 Rxa3 36. Qxa3 Qd1+
37. Bf1 gxf2+ ({It seems that Black missed a clear win here:} 37... g2 38. Kxg2
Qxd5+ 39. f3 Nf4+ {with decisive attack. In some lines, the b6-bishop would be
hanging, for instance} 40. Kg3 Qg5+ 41. Kf2 Qh4+ 42. Ke3 Nd5+ {[%cal Yd5b6]})
38. Kxf2 Qxd5 $17 {Black still has winning chances, but the technical task is
anything but easy.} 39. Qe3 Qf5+ 40. Ke1 Be4 41. Bd4 Qe6 42. Kf2 f6 43. Qg3
Qf5+ 44. Ke1 Qa5+ 45. Qc3 Qxc3+ 46. Bxc3 Kg7 47. Be2 Ne5 48. Kf2 Kg6 49. Kg3
Nf7 50. Bc4 Nd6 51. Be6 Bf5 52. Bd5 Ne4+ {Ponomariov wasprobably bored already
and he immediately transposed to a drawn ending.} (52... h5 $5 $15) 53. Bxe4
Bxe4 1/2-1/2